[Event "Split op 12th"]
[Site "Split"]
[Date "2023.08.06"]
[Round "2"]
[White "Zaytsev, Alexander"]
[Black "Muha, Miljenko"]
[Result "1/2-1/2"]
[WhiteElo "1995"]
[BlackElo "2325"]
[PlyCount "161"]
[EventDate "2023.08.05"]
[EventType "swiss"]
[EventRounds "9"]
[EventCountry "CRO"]
[SourceTitle "CBM 215 Extra"]
[Source "ChessBase"]
[SourceDate "2023.09.30"]
[SourceVersion "1"]
[SourceVersionDate "2023.09.30"]
[SourceQuality "1"]

1. e4 c6 2. Nc3 d5 3. Nf3 dxe4 4. Nxe4 Nf6 5. Qe2 Nxe4 6. Qxe4 Qa5 7. Qf4 Qf5 8. d3 Qxf4 9. Bxf4 Bf5 10. 0-0-0 Nd7 11. h3 h6 12. d4 e6 13. Bd3 Bxd3 14. Rxd3 Be7 15. Re1 0-0 16. Ne5 Rfd8 17. Nc4 Nb6 18. Nxb6 axb6 19. a3 b5 20. c3 Rd5 21. Kc2 Rad8 22. Bc7 R8d7 23. Bb6 h5 24. Re5 h4 25. Rde3 Bf6 26. Rxd5 Rxd5 27. Re4 Rg5 28. Rg4 Rf5 29. f3 Kh7 30. Bc5 Rd5 31. Bb6 Be7 32. Re4 Kh6 33. Bc7 Bf6 34. Bb6 Kh5 35. Bc7 g5 36. Kd3 Kg6 37. b3 c5 38. Bb6 cxd4 39. cxd4 Kf5 40. a4 bxa4 41. bxa4 Rd6 42. a5 Rd5 43. Kc4 Bg7 44. Re2 Rd7 45. Re4 Bf6 46. Kb5 Be7 47. Bc5 Bd8 48. Rg4 Rd5 49. Re4 Bc7 50. a6 bxa6+ 51. Kxa6 Rd8 52. Kb7 Bf4 53. Kc6 Rc8+ 54. Kd7 Rc7+ 55. Ke8 Rb7 56. Re2 Bb8 57. Kf8 Bh2 58. Ra2 Bg1 59. Re2 f6 60. Ra2 Rd7 61. Ke8 Rd5 62. Ra4 e5 63. Kf7 Bxd4 64. Be7 Rd7 65. Ra6 Kf4 66. Rxf6+ Kg3 67. Rf5 Kxg2 68. Rxg5+ Kxf3 69. Ke6 Ra7 70. Rg4 e4 71. Bxh4 Rh7 72. Kd5 Bb2 73. Rg3+ Kf4 74. Rg4+ Kf3 75. Rg3+ Ke2 76. Rg2+ Kd3 77. Bg5 Rh5 78. Rg3+ Ke2 79. Kxe4 Kf2 80. Rf3+ Kg2 81. Bf4 1/2-1/2

[Event "St Veit op 42nd"]
[Site "St Veit"]
[Date "2023.07.13"]
[Round "7"]
[White "Zaytsev, Alexander"]
[Black "Fuchs, Patrick1111"]
[Result "1/2-1/2"]
[WhiteElo "1929"]
[BlackElo "2041"]
[PlyCount "48"]
[EventDate "2023.07.08"]
[EventType "swiss"]
[EventRounds "9"]
[EventCountry "AUT"]
[SourceTitle "CBM 215 Extra"]
[Source "ChessBase"]
[SourceDate "2023.09.30"]
[SourceVersion "1"]
[SourceVersionDate "2023.09.30"]
[SourceQuality "1"]

1. e4 c5 2. Nf3 Nc6 3. d4 cxd4 4. Nxd4 e5 5. Nb5 d6 6. N1c3 a6 7. Na3 Be7 8. Nc4 b5 9. Ne3 Nf6 10. Bd3 0-0 11. 0-0 Nb4 12. a3 Nxd3 13. Qxd3 Be6 14. Bd2 Rc8 15. b3 Qd7 16. Rac1 Qb7 17. Rfd1 Rc7 18. Be1 Rfc8 19. Ncd5 Nxd5 20. exd5 Bd7 21. Ba5 Rc5 22. Bb4 R5c7 23. Ba5 Rc5 24. Bb4 R5c7 1/2-1/2

[Event "AUT-ch Rapid"]
[Site "Graz"]
[Date "2023.06.10"]
[Round "1"]
[White "Zaytsev, Alexander"]
[Black "Dragnev, Valentin"]
[Result "0-1"]
[WhiteElo "1929"]
[BlackElo "2576"]
[PlyCount "62"]
[EventDate "2023.06.10"]
[EventType "swiss (rapid)"]
[EventRounds "9"]
[EventCountry "AUT"]
[SourceTitle "CBM 214 Extra"]
[Source "ChessBase"]
[SourceDate "2023.07.31"]
[SourceVersion "1"]
[SourceVersionDate "2023.07.31"]
[SourceQuality "1"]

1. e4 c6 2. Nc3 d5 3. Nf3 Bg4 4. h3 Bxf3 5. Qxf3 e6 6. Be2 d4 7. Nd1 Ne7 8. 0-0 Ng6 9. Qb3 Qc7 10. d3 Bd6 11. c3 c5 12. Bd2 Nc6 13. Rc1 0-0 14. Qc2 Bh2+ 15. Kh1 Bf4 16. Bxf4 Nxf4 17. b3 dxc3 18. Nxc3 Rfd8 19. Rfd1 Nd4 20. Qd2 Ndxe2 21. Nxe2 Nxd3 22. Qxd3 Rxd3 23. Rxd3 g6 24. Rdc3 Qe5 25. Rxc5 Qxe4 26. Ng3 Qf4 27. Kg1 Rd8 28. R5c4 Qe5 29. Rc7 Rd2 30. Rxb7 Qd4 31. Rf1 Rxa2 0-1

[Event "AUT-ch U16"]
[Site "St Veit"]
[Date "2023.04.05"]
[Round "6"]
[White "Stadlinger, Lukas"]
[Black "Zaytsev, Alexander"]
[Result "1/2-1/2"]
[WhiteElo "1725"]
[BlackElo "1976"]
[PlyCount "34"]
[EventDate "2023.04.02"]
[EventType "swiss"]
[EventRounds "7"]
[EventCountry "AUT"]
[SourceTitle "EXT 2024"]
[Source "ChessBase"]
[SourceDate "2023.10.10"]
[SourceVersion "1"]
[SourceVersionDate "2023.10.10"]
[SourceQuality "1"]

1. e4 c5 2. Nf3 e6 3. g3 Nc6 4. Bg2 d6 5. 0-0 Nf6 6. Qe2 Be7 7. c3 0-0 8. b3 Qc7 9. Bb2 d5 10. e5 Nd7 11. d4 a6 12. a4 Rb8 13. Na3 Nb6 14. Nc2 Nd7 15. Na3 Nb6 16. Nc2 Nd7 17. Na3 Nb6 1/2-1/2

[Event "AUT-ch U16"]
[Site "St Veit"]
[Date "2023.04.04"]
[Round "4"]
[White "Ganbat, Gan Erdene"]
[Black "Zaytsev, Alexander"]
[Result "0-1"]
[WhiteElo "1410"]
[BlackElo "1976"]
[PlyCount "60"]
[EventDate "2023.04.02"]
[EventType "swiss"]
[EventRounds "7"]
[EventCountry "AUT"]
[SourceTitle "EXT 2024"]
[Source "ChessBase"]
[SourceDate "2023.10.10"]
[SourceVersion "1"]
[SourceVersionDate "2023.10.10"]
[SourceQuality "1"]

1. e4 c5 2. Nc3 Nc6 3. f4 g6 4. Nf3 Bg7 5. Bb5 Nd4 6. 0-0 a6 7. Be2 d6 8. a4 Nh6 9. Nxd4 cxd4 10. Nb1 f5 11. d3 0-0 12. Nd2 Qc7 13. a5 Be6 14. exf5 Nxf5 15. Nc4 Bxc4 16. dxc4 Qc5 17. Kh1 e5 18. fxe5 dxe5 19. b4 Qc7 20. Qd3 Rae8 21. Bf3 Kh8 22. Be4 Nd6 23. Bd2 Nxe4 24. Qxe4 Qxc4 25. Kg1 Qc6 26. Qxc6 bxc6 27. Rf3 e4 28. Rxf8+ Rxf8 29. Ra3 d3 30. cxd3 Bd4+ 0-1

[Event "St Veit op 41st"]
[Site "St Veit"]
[Date "2022.07.16"]
[Round "9"]
[White "Zaytsev, Alexander"]
[Black "Schippel, Gert"]
[Result "1-0"]
[WhiteElo "1963"]
[BlackElo "2106"]
[PlyCount "63"]
[EventDate "2022.07.09"]
[EventType "swiss"]
[EventRounds "9"]
[EventCountry "AUT"]
[SourceTitle "CBM 209 Extra"]
[Source "ChessBase"]
[SourceDate "2022.09.30"]
[SourceVersion "1"]
[SourceVersionDate "2022.09.30"]
[SourceQuality "1"]

1. e4 c5 2. Nf3 e6 3. d4 cxd4 4. Nxd4 Nc6 5. Nc3 Qc7 6. Be3 a6 7. Qd2 Nf6 8. f3 Bb4 9. a3 Be7 10. Be2 0-0 11. g4 b5 12. Kf2 Bb7 13. h4 Ne5 14. h5 b4 15. axb4 Bxb4 16. Rag1 d5 17. g5 Ne8 18. exd5 Bxd5 19. Nxd5 Bxd2 20. Nxc7 Bxe3+ 21. Kxe3 Nxc7 22. c4 Rfb8 23. f4 Nd7 24. Bf3 Rxb2 25. Bxa8 Nxa8 26. Rb1 Rxb1 27. Rxb1 Nab6 28. c5 Nd5+ 29. Kf3 Kf8 30. c6 Nc5 31. Rc1 Nd3 32. c7 1-0

[Event "St Veit op 41st"]
[Site "St Veit"]
[Date "2022.07.14"]
[Round "7"]
[White "Zaytsev, Alexander"]
[Black "Wiedner, Robert"]
[Result "1/2-1/2"]
[WhiteElo "1963"]
[BlackElo "2133"]
[PlyCount "39"]
[EventDate "2022.07.09"]
[EventType "swiss"]
[EventRounds "9"]
[EventCountry "AUT"]
[SourceTitle "CBM 209 Extra"]
[Source "ChessBase"]
[SourceDate "2022.09.30"]
[SourceVersion "1"]
[SourceVersionDate "2022.09.30"]
[SourceQuality "1"]

1. e4 c5 2. Nf3 Nf6 3. e5 Nd5 4. Nc3 e6 5. Nxd5 exd5 6. d4 d6 7. Bb5+ Nc6 8. 0-0 Be7 9. Be3 Qb6 10. exd6 Bxd6 11. dxc5 Bxh2+ 12. Kxh2 Qxb5 13. Qxd5 Qxb2 14. Nd4 0-0 15. Nxc6 bxc6 16. Qxc6 Bb7 17. Qd6 Rad8 18. Qc7 Rc8 19. Qf4 Qxc2 20. Rfc1 1/2-1/2

[Event "AUT-ch U16"]
[Site "St Veit"]
[Date "2022.04.12"]
[Round "5"]
[White "Zaytsev, Alexander"]
[Black "Kienboeck, Benjamin"]
[Result "1/2-1/2"]
[WhiteElo "1913"]
[BlackElo "1964"]
[PlyCount "67"]
[EventDate "2022.04.10"]
[EventType "swiss"]
[EventRounds "7"]
[EventCountry "AUT"]
[SourceTitle "EXT 2023"]
[Source "ChessBase"]
[SourceDate "2022.10.05"]
[SourceVersion "1"]
[SourceVersionDate "2022.10.05"]
[SourceQuality "1"]

1. e4 c6 2. Nf3 d5 3. Nc3 dxe4 4. Nxe4 Nf6 5. Qe2 Nxe4 6. Qxe4 Be6 7. b3 Nd7 8. Bb2 Nf6 9. Qe3 Bf5 10. Nd4 Bg6 11. f4 Qd7 12. 0-0-0 a5 13. a4 h5 14. Re1 h4 15. Bc4 Be4 16. Nf3 Bxf3 17. Qxf3 Rd8 18. Qe2 Qg4 19. Bc3 Qxe2 20. Bxe2 b6 21. Bf3 Kd7 22. f5 Kc7 23. d3 Nd5 24. Bd2 Rd7 25. Re2 Rg8 26. Bh5 g6 27. fxg6 f6 28. Bg4 Rd6 29. Bf5 e5 30. Rf1 Ne7 31. Re4 Nxf5 32. Rxf5 Rxg6 33. Rxh4 Rxg2 34. Rh7+ 1/2-1/2

[Event "AUT-ch U14"]
[Site "St Veit"]
[Date "2021.10.29"]
[Round "7.4"]
[White "Giselbrecht, Jerrik"]
[Black "Zaytsev, Alexander"]
[Result "1/2-1/2"]
[WhiteElo "1714"]
[BlackElo "1832"]
[PlyCount "54"]
[EventDate "2021.10.25"]
[EventType "swiss"]
[EventRounds "7"]
[EventCountry "AUT"]
[SourceTitle "EXT 2023"]
[Source "ChessBase"]
[SourceDate "2022.10.05"]
[SourceVersion "1"]
[SourceVersionDate "2022.10.05"]
[SourceQuality "1"]

1. e4 c5 2. Nf3 e6 3. d4 cxd4 4. Nxd4 Nf6 5. Nc3 Nc6 6. a3 d6 7. Be3 Be7 8. Be2 0-0 9. f4 a6 10. 0-0 Bd7 11. Kh1 Nxd4 12. Bxd4 Bc6 13. Bd3 Nd7 14. Be3 Bf6 15. Qe1 Bh4 16. Qe2 Bf6 17. Qe1 g6 18. f5 Ne5 19. Bh6 Re8 20. fxg6 fxg6 21. Qg3 Qe7 22. Rad1 Bd7 23. Be2 Bh4 24. Qe3 Bf6 25. Qg3 Bh4 26. Qe3 Bf6 27. Qg3 Bh4 1/2-1/2

[Event "AUT-ch U14"]
[Site "St Veit"]
[Date "2021.10.27"]
[Round "5.4"]
[White "Leitgeb, Julian"]
[Black "Zaytsev, Alexander"]
[Result "1/2-1/2"]
[WhiteElo "1966"]
[BlackElo "1832"]
[PlyCount "76"]
[EventDate "2021.10.25"]
[EventType "swiss"]
[EventRounds "7"]
[EventCountry "AUT"]
[SourceTitle "EXT 2023"]
[Source "ChessBase"]
[SourceDate "2022.10.05"]
[SourceVersion "1"]
[SourceVersionDate "2022.10.05"]
[SourceQuality "1"]

1. e4 c5 2. Nf3 e6 3. d4 cxd4 4. Nxd4 Nf6 5. Nc3 Nc6 6. Nxc6 bxc6 7. e5 Nd5 8. Ne4 Qc7 9. f4 Qb6 10. c4 Bb4+ 11. Ke2 f5 12. Nf2 Ba6 13. Kf3 Ne7 14. Be3 Bc5 15. Bxc5 Qxc5 16. Qd6 Qb6 17. b3 c5 18. Be2 Bb7+ 19. Kg3 Qxd6 20. exd6 Ng8 21. Nd3 Rc8 22. Bf3 Bxf3 23. gxf3 Nh6 24. Ne5 Nf7 25. Rad1 Nxe5 26. fxe5 Rc6 27. Kf4 Kf7 28. Rhg1 Rg8 29. Ke3 Rb6 30. Kd3 a5 31. Rb1 Rgb8 32. Kc3 a4 33. f4 R6b7 34. Rg2 a3 35. Rbg1 Rg8 36. h4 Rb6 37. h5 Rb7 38. h6 g6 1/2-1/2

[Event "AUT-ch U14"]
[Site "St Veit"]
[Date "2021.10.27"]
[Round "4.6"]
[White "Zaytsev, Alexander"]
[Black "Geroe, Leonhard"]
[Result "1-0"]
[WhiteElo "1832"]
[BlackElo "1926"]
[PlyCount "51"]
[EventDate "2021.10.25"]
[EventType "swiss"]
[EventRounds "7"]
[EventCountry "AUT"]
[SourceTitle "EXT 2023"]
[Source "ChessBase"]
[SourceDate "2022.10.05"]
[SourceVersion "1"]
[SourceVersionDate "2022.10.05"]
[SourceQuality "1"]

1. e4 c5 2. Nf3 d6 3. d4 cxd4 4. Nxd4 Nf6 5. Nc3 a6 6. Bg5 e6 7. f4 Be7 8. Qf3 Qc7 9. 0-0-0 Nbd7 10. g4 b5 11. Bxf6 Bxf6 12. g5 Be7 13. f5 Bxg5+ 14. Kb1 0-0 15. fxe6 Nc5 16. Qg2 fxe6 17. Qxg5 b4 18. Nd5 exd5 19. Qxd5+ Kh8 20. Qxa8 Qe7 21. Qd5 Bb7 22. Nc6 Qc7 23. Qxd6 Qxd6 24. Rxd6 Nxe4 25. Rd8 Kg8 26. Bc4+ 1-0

[Event "AUT-ch U14"]
[Site "St Veit"]
[Date "2021.10.25"]
[Round "2.6"]
[White "Zaytsev, Alexander"]
[Black "Jetzl, Julian"]
[Result "0-1"]
[WhiteElo "1832"]
[BlackElo "1766"]
[PlyCount "114"]
[EventDate "2021.10.25"]
[EventType "swiss"]
[EventRounds "7"]
[EventCountry "AUT"]
[SourceTitle "EXT 2023"]
[Source "ChessBase"]
[SourceDate "2022.10.05"]
[SourceVersion "1"]
[SourceVersionDate "2022.10.05"]
[SourceQuality "1"]

1. e4 c5 2. Nf3 e6 3. d4 cxd4 4. Nxd4 a6 5. Bd3 Qc7 6. 0-0 Nf6 7. Qe2 d6 8. c4 g6 9. f4 Bg7 10. Be3 0-0 11. Nc3 Nbd7 12. Nb3 b6 13. Rad1 Bb7 14. Rd2 Rfe8 15. Rfd1 Rac8 16. h3 Nc5 17. Nxc5 bxc5 18. Bc2 Rcd8 19. Qf2 Bf8 20. Qg3 Bc6 21. Qf2 Nd7 22. Ne2 Qb7 23. e5 dxe5 24. fxe5 Qc7 25. Bg5 Rb8 26. Be4 Nxe5 27. Bf4 Bxe4 28. Rd7 Nf3+ 29. gxf3 Qc6 30. Bxb8 Bd5 31. Rc7 Qb6 32. cxd5 Qxb8 33. Rd7 e5 34. Nc3 Bd6 35. Ne4 Be7 36. d6 Bd8 37. Qxc5 Bb6 38. Nf6+ Kf8 39. Ne4 Bxc5+ 40. Nxc5 Qb6 41. Rc7 Rd8 42. Kg2 Qxb2+ 43. Kg3 Ke8 44. Re7+ Kf8 45. Rc7 e4 46. Nb7 Qa3 47. Nxd8 Qxf3+ 48. Kh2 Qf2+ 49. Kh1 Qf3+ 50. Kh2 Qxd1 51. Nb7 e3 52. d7 e2 53. Rc8+ Kg7 54. d8Q Qxd8 55. Rxd8 e1Q 56. Rd7 Qf2+ 57. Kh1 Qxa2 0-1

[Event "EU Union-ch U14 18th"]
[Site "Mureck"]
[Date "2021.08.12"]
[Round "9"]
[White "Zaytsev, Alexander"]
[Black "Pallum, Rasmus"]
[Result "1-0"]
[WhiteElo "1708"]
[BlackElo "1339"]
[PlyCount "55"]
[EventDate "2021.08.04"]
[EventType "swiss"]
[EventRounds "9"]
[EventCountry "AUT"]
[SourceTitle "EXT 2022"]
[Source "ChessBase"]
[SourceDate "2021.10.06"]
[SourceVersion "1"]
[SourceVersionDate "2021.10.06"]
[SourceQuality "1"]

1. e4 c5 2. Nf3 Nc6 3. d4 cxd4 4. Nxd4 Nf6 5. Nc3 e5 6. Ndb5 d6 7. Bg5 a6 8. Na3 b5 9. Nd5 Be7 10. Bxf6 Bxf6 11. c4 b4 12. Nc2 a5 13. g3 0-0 14. Bg2 Bg5 15. Nde3 g6 16. 0-0 Ne7 17. Qd3 Qb6 18. Rad1 Rd8 19. f4 exf4 20. gxf4 Bh6 21. e5 Bf5 22. Qd4 Qxd4 23. Nxd4 Rac8 24. exd6 Bg7 25. Bb7 Rb8 26. dxe7 Rxd4 27. Nxf5 gxf5 28. Bc6 1-0

[Event "EU Union-ch U14 18th"]
[Site "Mureck"]
[Date "2021.08.11"]
[Round "8"]
[White "Kozlovic, Jernej"]
[Black "Zaytsev, Alexander"]
[Result "0-1"]
[WhiteElo "1931"]
[BlackElo "1708"]
[PlyCount "126"]
[EventDate "2021.08.04"]
[EventType "swiss"]
[EventRounds "9"]
[EventCountry "AUT"]
[SourceTitle "EXT 2022"]
[Source "ChessBase"]
[SourceDate "2021.10.06"]
[SourceVersion "1"]
[SourceVersionDate "2021.10.06"]
[SourceQuality "1"]

1. d4 Nf6 2. Nf3 g6 3. Bf4 Bg7 4. h3 d6 5. e3 0-0 6. Be2 c5 7. c3 Be6 8. Nbd2 Qb6 9. Qc2 Nc6 10. 0-0 Rac8 11. Rfc1 cxd4 12. Nxd4 Nxd4 13. exd4 Nd5 14. Be3 Nxe3 15. fxe3 Bh6 16. Kf2 f5 17. Bf3 Bf7 18. Re1 e5 19. Nb3 f4 20. Qe4 d5 21. Qb1 fxe3+ 22. Kg1 e4 23. Bg4 Be6 24. Bxe6+ Qxe6 25. Nc1 Qf6 26. Ne2 Qf2+ 27. Kh1 Bg5 28. Qd1 Bh4 29. Rf1 Qxf1+ 30. Qxf1 Rxf1+ 31. Rxf1 Bf2 32. g3 g5 33. Kg2 Rc6 34. a4 a5 35. Rb1 Kf7 36. Ra1 Ke6 37. Nc1 Rb6 38. Rb1 Be1 39. Ne2 Bd2 40. b4 axb4 41. Rxb4 Rxb4 42. cxb4 Bxb4 43. Kf1 Kd6 44. Nc1 b6 45. g4 Kc6 46. Ke2 b5 47. axb5+ Kxb5 48. Kxe3 Kc4 49. Ne2 Bc3 50. Ng3 Bxd4+ 51. Kd2 Be5 52. Nf5 Bf4+ 53. Ke2 d4 54. h4 d3+ 55. Kd1 d2 56. hxg5 Kd3 57. g6 hxg6 58. g5 e3 59. Ng3 Bxg5 60. Ne2 Bh6 61. Nf4+ Kc3 62. Nxg6 e2+ 63. Kxe2 Kc2 0-1

[Event "EU Union-ch U14 18th"]
[Site "Mureck"]
[Date "2021.08.10"]
[Round "7"]
[White "Zaytsev, Alexander"]
[Black "Rotunno, Flavio"]
[Result "1-0"]
[WhiteElo "1708"]
[BlackElo "1760"]
[PlyCount "105"]
[EventDate "2021.08.04"]
[EventType "swiss"]
[EventRounds "9"]
[EventCountry "AUT"]
[SourceTitle "EXT 2022"]
[Source "ChessBase"]
[SourceDate "2021.10.06"]
[SourceVersion "1"]
[SourceVersionDate "2021.10.06"]
[SourceQuality "1"]

1. e4 c5 2. Nf3 d6 3. d4 cxd4 4. Nxd4 Nf6 5. Nc3 Nc6 6. Bg5 e6 7. Qd3 a6 8. 0-0-0 Bd7 9. Be2 Be7 10. Kb1 0-0 11. h4 Rc8 12. Qg3 Qb6 13. Nb3 Ne5 14. f4 Nc6 15. h5 Ne8 16. Bxe7 Nxe7 17. Rd2 Nf6 18. h6 Ng6 19. hxg7 Kxg7 20. Qg5 Ng8 21. f5 exf5 22. exf5 Rfe8 23. fxg6 hxg6 24. Nd5 Qf2 25. Rf1 Qa7 26. Bd3 Re5 27. Qf4 f5 28. Nc3 Nf6 29. Re2 Rce8 30. Rfe1 Qb8 31. Qd4 b5 32. a3 Qc7 33. Nd2 Bc6 34. Nf3 Bxf3 35. gxf3 Rxe2 36. Rxe2 Rxe2 37. Bxe2 Qc5 38. Qxc5 dxc5 39. Kc1 Kf7 40. a4 b4 41. Bc4+ Ke7 42. Nd5+ Nxd5 43. Bxd5 g5 44. a5 Kd6 45. Bc4 Kc6 46. Bxa6 g4 47. fxg4 fxg4 48. Kd2 Kd5 49. Ke3 c4 50. Bxc4+ Kc5 51. Bd3 b3 52. c3 Kc6 53. Kf4 1-0

[Event "EU Union-ch U14 18th"]
[Site "Mureck"]
[Date "2021.08.07"]
[Round "4"]
[White "Hald Falkesgaard, Jeppe"]
[Black "Zaytsev, Alexander"]
[Result "1/2-1/2"]
[WhiteElo "1957"]
[BlackElo "1708"]
[PlyCount "139"]
[EventDate "2021.08.04"]
[EventType "swiss"]
[EventRounds "9"]
[EventCountry "AUT"]
[SourceTitle "EXT 2022"]
[Source "ChessBase"]
[SourceDate "2021.10.06"]
[SourceVersion "1"]
[SourceVersionDate "2021.10.06"]
[SourceQuality "1"]

1. d4 d5 2. c4 c6 3. Nc3 Nf6 4. e3 e6 5. Nf3 Nbd7 6. Qc2 Bd6 7. b3 0-0 8. Be2 b6 9. 0-0 Bb7 10. Bb2 Rc8 11. Rad1 Bb8 12. Rfe1 Qc7 13. e4 dxe4 14. Nxe4 Qf4 15. Nxf6+ Nxf6 16. Bc1 Qc7 17. Bg5 Nd7 18. Qe4 c5 19. Qh4 cxd4 20. Rxd4 Ne5 21. Bf4 Nxf3+ 22. Bxf3 Qc5 23. Bxb8 Rxb8 24. Bxb7 Rxb7 25. Red1 Qf5 26. Rd8 f6 27. Qd4 Rxd8 28. Qxd8+ Kf7 29. h3 Re7 30. Rd7 Qc5 31. Rd2 Qc7 32. Qd3 g6 33. Qd4 Qc6 34. Qd8 Qe8 35. Qd6 Qc8 36. Qf4 Kg7 37. Qd4 Kf7 38. Rd3 Qc6 39. Qd8 Qe8 40. Qd6 Qc8 41. Rf3 Qd7 42. Qf4 Qd1+ 43. Kh2 Qa1 44. Qh6 Qe5+ 45. g3 Ke8 46. Rd3 Qc5 47. Qd2 Kf7 48. Rd8 Re8 49. Rd7+ Re7 50. Rxe7+ Qxe7 51. Kg1 Qb7 52. Qd8 g5 53. Qh8 Kg6 54. Qg8+ Kf5 55. Qd8 Qe4 56. Qd7 Qb1+ 57. Kg2 Qxa2 58. Qxh7+ Ke5 59. Qd3 Qb2 60. Qe3+ Kd6 61. Qd3+ Ke5 62. h4 gxh4 63. gxh4 Qc1 64. Qe3+ Qxe3 65. fxe3 a5 66. Kf3 Kf5 67. Kg3 Kg6 68. Kg4 Kh6 69. Kf4 Kg6 70. Kg4 1/2-1/2

[Event "AUT-ch U14 Online Blitz"]
[Site "Playchess.com INT"]
[Date "2020.12.11"]
[Round "7"]
[White "Schwarz, Rene"]
[Black "Zaytsev, Alexander"]
[Result "1/2-1/2"]
[WhiteElo "1496"]
[BlackElo "1604"]
[PlyCount "38"]
[EventDate "2020.12.11"]
[EventType "swiss (blitz)"]
[EventRounds "7"]
[EventCountry "AUT"]
[SourceTitle "EXT 2022"]
[Source "ChessBase"]
[SourceDate "2021.10.06"]
[SourceVersion "1"]
[SourceVersionDate "2021.10.06"]
[SourceQuality "1"]

1. d4 d5 2. g3 Nf6 3. Nf3 c6 4. Bg2 Bf5 5. e3 Nbd7 6. 0-0 e6 7. b3 Bd6 8. c4 0-0 9. Bb2 b6 10. Nc3 h6 11. Qe2 Rc8 12. a3 c5 13. cxd5 exd5 14. dxc5 Nxc5 15. Nd4 Be4 16. b4 Bxg2 17. Kxg2 Nce4 18. Nxe4 dxe4 19. Nf5 Qc7 1/2-1/2

[Event "AUT-ch U14 Online Blitz"]
[Site "Playchess.com INT"]
[Date "2020.12.11"]
[Round "6"]
[White "Zaytsev, Alexander"]
[Black "Leitner, Thomas"]
[Result "1/2-1/2"]
[WhiteElo "1592"]
[BlackElo "1620"]
[PlyCount "21"]
[EventDate "2020.12.11"]
[EventType "swiss (blitz)"]
[EventRounds "7"]
[EventCountry "AUT"]
[SourceTitle "EXT 2022"]
[Source "ChessBase"]
[SourceDate "2021.10.06"]
[SourceVersion "1"]
[SourceVersionDate "2021.10.06"]
[SourceQuality "1"]

1. e4 c5 2. Nf3 e6 3. d4 cxd4 4. Nxd4 Nf6 5. Nc3 Bb4 6. Bg5 h6 7. Bxf6 Qxf6 8. a3 Bc5 9. Nf3 Nc6 10. Be2 0-0 11. 0-0 1/2-1/2

[Event "AUT-ch U14 Online Blitz"]
[Site "Playchess.com INT"]
[Date "2020.12.11"]
[Round "4"]
[White "Zaytsev, Alexander"]
[Black "Miazhynski, Alexander"]
[Result "0-1"]
[WhiteElo "1585"]
[BlackElo "1553"]
[PlyCount "96"]
[EventDate "2020.12.11"]
[EventType "swiss (blitz)"]
[EventRounds "7"]
[EventCountry "AUT"]
[SourceTitle "EXT 2022"]
[Source "ChessBase"]
[SourceDate "2021.10.06"]
[SourceVersion "1"]
[SourceVersionDate "2021.10.06"]
[SourceQuality "1"]

1. e4 c5 2. Nf3 d6 3. d4 cxd4 4. Nxd4 Nf6 5. Nc3 a6 6. Be3 e6 7. f3 b5 8. Qd2 Bb7 9. a4 b4 10. Na2 d5 11. Nxb4 dxe4 12. Be2 e5 13. Nf5 Qxd2+ 14. Bxd2 g6 15. Ne3 Bg7 16. 0-0 0-0 17. Bc3 Nbd7 18. Rad1 Rfe8 19. Nbd5 Nc5 20. Nc7 Rac8 21. Nxe8 Rxe8 22. Nc4 exf3 23. Bxf3 e4 24. Be2 Nxa4 25. Bxf6 Bxf6 26. Rxf6 Kg7 27. Rff1 Rc8 28. Nd6 Rxc2 29. Rxf7+ Kh6 30. Rxb7 Rxe2 31. Rb4 Nc5 32. Kf1 Re3 33. Kf2 Rd3 34. Rd4 Rb3 35. Nxe4 Rxb2+ 36. Ke3 Ne6 37. R4d2 Rb3+ 38. Rd3 Rb2 39. R1d2 Rb1 40. Rd1 Rb2 41. R1d2 Rb1 42. Ng3 Re1+ 43. Re2 Rb1 44. Rd6 Nc5 45. Rc6 Rb3+ 46. Kf2 Nd3+ 47. Kf1 Rb1+ 48. Re1 Rxe1# 0-1

[Event "Styrian op U08/12 26th"]
[Site "Mureck"]
[Date "2019.08.03"]
[Round "4"]
[White "Zaytsev, Alexander"]
[Black "Gruenwald, Simon"]
[Result "1/2-1/2"]
[WhiteElo "1530"]
[BlackElo "1428"]
[PlyCount "35"]
[EventDate "2019.07.31"]
[EventType "swiss"]
[EventRounds "9"]
[EventCountry "AUT"]
[SourceTitle "EXT 2020"]
[Source "ChessBase"]
[SourceDate "2019.10.17"]
[SourceVersion "1"]
[SourceVersionDate "2019.10.17"]
[SourceQuality "1"]

1. e4 c6 2. Nc3 d5 3. Nf3 dxe4 4. Nxe4 Nf6 5. Nxf6+ exf6 6. d4 Bd6 7. Bc4 0-0 8. 0-0 Bf5 9. Re1 Qc7 10. c3 Nd7 11. a3 g5 12. Bd2 h5 13. h3 Kg7 14. Kh1 Kg8 15. Kg1 Kg7 16. Kh1 Kg8 17. Kg1 Kg7 18. Kh1 1/2-1/2

[Event "Styrian op U08/12 26th"]
[Site "Mureck"]
[Date "2019.07.31"]
[Round "1"]
[White "Wagner, Christian"]
[Black "Zaytsev, Alexander"]
[Result "0-1"]
[WhiteElo "933"]
[BlackElo "1530"]
[PlyCount "142"]
[EventDate "2019.07.31"]
[EventType "swiss"]
[EventRounds "9"]
[EventCountry "AUT"]
[SourceTitle "EXT 2020"]
[Source "ChessBase"]
[SourceDate "2019.10.17"]
[SourceVersion "1"]
[SourceVersionDate "2019.10.17"]
[SourceQuality "1"]

1. d4 d5 2. Nf3 Nf6 3. Bf4 Bf5 4. e3 e6 5. Bd3 Bxd3 6. Qxd3 c6 7. 0-0 Nbd7 8. Ne5 Nxe5 9. Bxe5 Bd6 10. Bxd6 Qxd6 11. Nd2 0-0 12. c4 Rfd8 13. c5 Qc7 14. b4 e5 15. a4 e4 16. Qe2 b6 17. f3 Re8 18. Ra2 a6 19. Rfa1 Qb7 20. b5 axb5 21. axb5 Rxa2 22. Rxa2 bxc5 23. dxc5 Qxb5 24. Qxb5 cxb5 25. fxe4 dxe4 26. Rb2 Rb8 27. Rb4 h6 28. Nxe4 Nxe4 29. Rxe4 Rc8 30. Re5 b4 31. Re4 Rxc5 32. Rxb4 g5 33. Kf2 Kg7 34. Kf3 Kg6 35. h4 Ra5 36. hxg5 hxg5 37. g4 Rc5 38. Rb6+ f6 39. Rb8 Rc1 40. Kf2 Rc2+ 41. Kf3 Rc4 42. Rd8 Rc1 43. Kf2 Rc4 44. Kf3 Rc1 45. Kf2 Rc2+ 46. Kf3 Ra2 47. Rg8+ Kf7 48. Rh8 Ke6 49. Re8+ Kf7 50. Rh8 Ra1 51. Kf2 Rb1 52. Rh7+ Ke6 53. Rh8 Rb2+ 54. Kf3 Kf7 55. Rh7+ Kg6 56. Rd7 Rb3 57. Rd6 Kf7 58. Rd7+ Ke6 59. Rd4 Ra3 60. Re4+ Kf7 61. Rc4 Ra1 62. Kf2 Rh1 63. Kf3 Rh3+ 64. Kf2 Ke6 65. Ke2 Kd5 66. Ra4 Rg3 67. Kf2 Rh3 68. Ra6 Ke5 69. Ra5+ Ke4 70. Ra3 Rh2+ 71. Kf1 Rh4 0-1